000 00615nam a2200181 a 4500
001 000032731
005 20200930065811.0
008 100222s1920 dr 001 0 spa d
040 _aDO-SdBNP
_bspa
_cBNPHU
082 _axxxx
_bR426l
110 1 _aRepública Dominicana
_9447
240 1 3 _a[Leyes etc.]
245 1 0 _aLey de arancel de importación y exportación.
260 _aSanto Domingo :
_bImprenta de J. R. Vda García,
_c1920.
300 _a330 p. : ;
_c27 cm.
500 _aOrden ejecutiva No. 332, 25 septiembre de 1919, publicada en la Gaceta Oficial No. 3051, 1ero de octubre de 1919
049 _aBNPD
999 _c32222
_d32222